MARC

LEADER 00000nam0a2200000 4500
001 54630
005 20231031050712.0
035 |a (RuTPU)RU\TPU\book\57284 
090 |a 54630 
100 |a 20030821d2002 m y0rusy50 ca 
101 0 |a rus 
102 |a RU 
105 |a a gl 000zy 
200 1 |a Санитарные нормы для образовательных учреждений  |e Справочник 
205 |a 5-е изд., доп. 
210 |a Москва  |c ИФ "Образование в документах"  |d 2002 
215 |a 200 с. 
225 1 |a Библиотека нормативных правовых актов в помощь работникам образования 
610 1 |a образование 
610 1 |a школы 
610 1 |a школьное образование 
610 1 |a дошкольное обучение 
610 1 |a дошкольные учреждения 
610 1 |a санитарные нормы 
610 1 |a санитарные нормы и правила 
610 1 |a гигиеническое нормирование 
610 1 |a справочники 
686 |a Ч41я2  |v LBC/SL-A  |2 rubbk 
686 |a Ч421.4я2  |v LBC/SL-A  |2 rubbk 
801 1 |a RU  |b 63413507  |c 20030821  |g PSBO 
801 2 |a RU  |b 63413507  |c 20031020  |g PSBO 
942 |c BK